000 00689nam a22002177a 4500
005 20180811114211.0
008 180811b xxu||||| |||| 00| 0 eng d
020 _a9789381682098
_c₹ 700.00
040 _aLoreto College
_beng
041 _aBengali
082 _a491.4403
_bCHA
245 _aBangiya loke sanskriti
_cEdited by Barun Kumar Chakraborty, Sumahan Bandyopadhyay and Koyel Chakraborty
260 _aKolkata
_bDey Book Store
_c2016
300 _a647 p.
_b26 cm.
650 _aFolklore - Encyclopaedia in Bengali
700 _4ed.
_aChakraborty, Barun Kumar
700 _4ed.
_aBandyopadhyay, Sumahan
700 _4ed.
_aChakraborty Koyel
850 _aLCLIB
942 _cBK
999 _c41768
_d92247